000 00754nam a2200253 i 4500
001 8502
003 BD-RjUL
005 20211208234612.0
008 140118s1958 ua b 00100 eng d
020 _a0471181838
035 _a(BD-RjUL)8547
040 _aBD-RjUL
_beng
_cBD-RjUL
_dBD-RjUL
041 _aeng
082 0 0 _a519.5
_bCOP 1958
100 1 _aCox, D. R.
_q(David Roxbee)
_95226
245 1 0 _aPlanning of experiments /
_cD.R. Cox.
260 0 _aNew York :
_bWiley,
_cc1958.
300 _avii, 308p. :
_bill. ;
_c24cm.
500 _aIncludes bibliographical references and indexes.
504 _aBibliography: p.292-293.
650 0 _aExperimental design.
_926485
942 _2ddc
_cBK
999 _c8502
_d8502